Alle deutschen Staatsflaggen - Statistiken

Allgemein
  • Dieses Quiz wurde 86 mal gespielt
  • Das Durchschnittsergebnis liegt bei 13 aus 16
Antwortstatistiken
Bildquiz Antwort % Korrekt
Bayern
100%
Berlin
100%
Hamburg
95%
Niedersachsen
91%
Baden-Württemberg
86%
Brandenburg
85%
Sachsen
80%
Bremen
79%
Nordrhein-Westfalen
79%
Mecklenburg-Vorpommern
78%
Thüringen
78%
Hessen
77%
Schleswig-Holstein
77%
Rheinland-Pfalz
75%
Saarland
75%
Sachsen-Anhalt
75%
Keine übereinstimmenden Quizze gefunden
Verteilung der Resultate
Anzahl Personen mit jedem Resultat
Perzentil nach korrekt beantworteten Fragen
Ihre Resultats-Entwicklung
Sie haben dieses Quiz noch nicht gespielt